Diagnostic ultrasound imaging (Record no. 41513)

000 -LEADER
fixed length control field 00540nam a22002054a 4500
001 - CONTROL NUMBER
control field 41513
003 - CONTROL NUMBER IDENTIFIER
control field BD-DhUET
008 - FIXED-LENGTH DATA ELEMENTS--GENERAL INFORMATION
fixed length control field 050322s2004 ne a b 001 0 eng c
020 ## - INTERNATIONAL STANDARD BOOK NUMBER
International Standard Book Number 9780123964878
040 ## - CATALOGING SOURCE
Original cataloging agency YUS
Transcribing agency YUS
Modifying agency BD-DhUET
082 ## - DEWEY DECIMAL CLASSIFICATION NUMBER
Classification number 616.0754
Item number SZA/2014
100 1# - MAIN ENTRY--PERSONAL NAME
Personal name Szabo, Thomas L.
245 10 - TITLE STATEMENT
Title Diagnostic ultrasound imaging
Remainder of title inside out
250 ## - EDITION STATEMENT
Edition statement 2nd ed.
260 ## - PUBLICATION, DISTRIBUTION, ETC. (IMPRINT)
Place of publication, distribution, etc. San Diego
Name of publisher, distributor, etc. Elsevier
Date of publication, distribution, etc. 2014
300 ## - PHYSICAL DESCRIPTION
Extent xxii, 806 p.
504 ## - BIBLIOGRAPHY, ETC. NOTE
Bibliography, etc Includes bibliographies
650 #0 - SUBJECT ADDED ENTRY--TOPICAL TERM
Topical term or geographic name as entry element Imaging systems in medicine
942 ## - ADDED ENTRY ELEMENTS (KOHA)
Koha item type General Book
Holdings
Copy number Date acquired Lost status Source of classification or shelving scheme Koha renewals Koha date last borrowed Sublocation or collection (holding branch) Location (home branch) Koha full call number Koha normalized classification for sorting Price effective from Not for loan Koha issues (times borrowed) Koha date last seen Piece designation (barcode) Shelving location Koha item type Withdrawn status Koha out on loan Damaged status
12018-06-27    Central Library, BUETCentral Library, BUET616.0754/SZA/2014616_075400000000000_SZA_20142018-09-17  2018-09-17116690Circulation sectionGeneral Book   
22018-06-27  22022-02-26Central Library, BUETCentral Library, BUET616.0754/SZA/2014616_075400000000000_SZA_20142018-09-17 12022-02-26116691Circulation sectionGeneral Book 2025-11-29